000 00750cam a22002413a 4500
001 17811
003 PGUSA
005 20140828083359.0
008 060220s2006||||xxu|||||s|||||000 1 eng d
040 _aPGUSA
_beng
042 _adc
050 4 _aPZ
100 1 _aChase, Josephine,
_d-1931
245 1 0 _aGrace Harlowe's Junior Year at High School :
_bOr, Fast Friends in the Sororities
_h[electronic resource] /
_cJosephine Chase
260 _bProject Gutenberg,
_c2006
506 _aPublic domain in the USA.
516 _aElectronic text
653 _aHigh school students -- Juvenile fiction
653 _aSchools -- Juvenile fiction
830 0 _aProject Gutenberg
_v17811
856 4 0 _uhttp://www.gutenberg.org/ebooks/17811
942 _cEB
999 _c247066
_d247066